Southville International School and Colleges
Your cart is empty.
  • Cart
  • Lists
    Public lists Eva Luna New books Lux_list list_1
    Your lists Log in to create your own lists
  • Log in to your account
  • Your cookies
  • Search history
Southville International School and Colleges
  • Advanced search
  • Recent comments
  • Most popular
  • Libraries

Log in to your account

Log in with GOOGLE


If you do not have an external account, but do have a local account, you can still log in:

  1. Home
  2. MARC view: Accounting ethics /
Normal view MARC view ISBD view

Accounting ethics / (Record no. 275964)

[ view plain ]
MARC details
000 -LEADER
fixed length control field 01561cam a22003858i 4500
001 - CONTROL NUMBER
control field 18087704
005 - DATE AND TIME OF LATEST TRANSACTION
control field 20140930151921.0
008 - FIXED-LENGTH DATA ELEMENTS--GENERAL INFORMATION
fixed length control field 140331s2014 nju b 001 0 eng
010 ## - LIBRARY OF CONGRESS CONTROL NUMBER
LC control number 2014005239
020 ## - INTERNATIONAL STANDARD BOOK NUMBER
International Standard Book Number 9781118542408 (pbk. : alk. paper)
020 ## - INTERNATIONAL STANDARD BOOK NUMBER
Cancelled/invalid ISBN 9781118880180 (ebk)
020 ## - INTERNATIONAL STANDARD BOOK NUMBER
Cancelled/invalid ISBN 9781118880203 (ebk)
040 ## - CATALOGING SOURCE
Original cataloging agency DLC
Language of cataloging eng
Description conventions rda
Transcribing agency DLC
042 ## - AUTHENTICATION CODE
Authentication code pcc
050 00 - LIBRARY OF CONGRESS CALL NUMBER
Classification number HF 5625.15
Item number .St78 2014
082 00 - DEWEY DECIMAL CLASSIFICATION NUMBER
Classification number 174/.9657
100 1# - MAIN ENTRY--PERSONAL NAME
Personal name Stuart, Iris,
Dates associated with a name 1950-
245 10 - TITLE STATEMENT
Title Accounting ethics /
Statement of responsibility, etc Iris Stuart, Bruce Stuart, Lars J. T. Pedersen.
250 ## - EDITION STATEMENT
Edition statement 1st Edition.
260 ## - PUBLICATION, DISTRIBUTION, ETC. (IMPRINT)
Place of publication, distribution, etc U.S.A. :
Name of publisher, distributor, etc John Wiley & Sons, Inc.,
Date of publication, distribution, etc c2014.
263 ## - PROJECTED PUBLICATION DATE
Projected publication date 1405
300 ## - PHYSICAL DESCRIPTION
Extent 300 pages :
Dimensions 25 cm.
504 ## - BIBLIOGRAPHY, ETC. NOTE
Bibliography, etc Includes bibliographical references and index.
505 0# - FORMATTED CONTENTS NOTE
Formatted contents note Purpose, background, and approach -- The technical and ethical responsibilities in accounting -- Decision making in accounting -- A decision model for accounting ethics -- Defining the problem : from an accounting and an ethical point of view -- Index.
521 ## - TARGET AUDIENCE NOTE
Target audience note Accountancy
650 #0 - SUBJECT ADDED ENTRY--TOPICAL TERM
Topical term or geographic name as entry element Accounting
General subdivision Moral and ethical aspects.
650 #0 - SUBJECT ADDED ENTRY--TOPICAL TERM
Topical term or geographic name as entry element Accountants
General subdivision Professional ethics.
650 #0 - SUBJECT ADDED ENTRY--TOPICAL TERM
Topical term or geographic name as entry element Business ethics.
700 1# - ADDED ENTRY--PERSONAL NAME
Personal name Stuart, Bruce,
Dates associated with a name 1947-
700 1# - ADDED ENTRY--PERSONAL NAME
Personal name Pedersen, Lars J. T.
776 08 - ADDITIONAL PHYSICAL FORM ENTRY
Display text Online version:
Main entry heading Stuart, Iris, 1950-
Title Accounting ethics
Edition First Edition.
Place, publisher, and date of publication Hoboken : Wiley, 2014
International Standard Book Number 9781118880197
Record control number (DLC) 2014012836
906 ## - LOCAL DATA ELEMENT F, LDF (RLIN)
a 7
b cbc
c orignew
d 1
e ecip
f 20
g y-gencatlg
942 ## - ADDED ENTRY ELEMENTS (KOHA)
Source of classification or shelving scheme Library of Congress Classification
Koha item type Books
Call number prefix Foreign
Holdings
Withdrawn status Lost status Source of classification or shelving scheme Damaged status Home library Current library Shelving location Date acquired Source of acquisition Cost, normal purchase price Total Checkouts Full call number Barcode Date last seen Date checked out Price effective from Koha item type
    Library of Congress Classification   College Library College Library Reserve Section 09/30/2014 Library Fund 2291.00 1 HF 5625.15 .St78 2014 C18770 05/15/2018 10/21/2016 09/30/2014 Books

Accounting ethics /

APA

Stuart I., Stuart B. & Pedersen L. J. T. (2014). Accounting ethics. U.S.A: John Wiley & Sons, Inc.

Chicago

Stuart Iris, Stuart Bruce and Pedersen Lars J T. 2014. Accounting ethics. U.S.A: John Wiley & Sons, Inc.

Harvard

Stuart I., Stuart B. and Pedersen L. J. T. (2014). Accounting ethics. U.S.A: John Wiley & Sons, Inc.

MLA

Stuart Iris, Stuart Bruce and Pedersen Lars J T. Accounting ethics. U.S.A: John Wiley & Sons, Inc. 2014.

  • Place hold
  • Print
  • Cite
  • Add to your cart (remove)
  • Save record
    BIBTEX Dublin Core MARCXML MARC (non-Unicode/MARC-8) MARC (Unicode/UTF-8) MARC (Unicode/UTF-8, Standard) MODS (XML) RIS
  • More searches
    Search for this title in:
    Other Libraries (WorldCat) Other Databases (Google Scholar) Online Stores (Bookfinder.com) Open Library (openlibrary.org)

Exporting to Dublin Core...

SOUTHVILLE LIBRARY

Southville International School and Colleges Library

1281 Tropical Ave. Cor. Luxembourg St., BF Homes International, Las Pinas City

Tel. No. 8256374 / 252358 Loc. 117/146

Powered by Koha